Central Library OPAC University of Rajshahi

Essays on Gupta culture / (Record no. 26228)

MARC details
000 -LEADER
fixed length control field 00868nam a2200277Ia 4500
001 - CONTROL NUMBER
control field 26228
003 - CONTROL NUMBER IDENTIFIER
rucl marc code BD-RjUL
005 - DATE AND TIME OF LATEST TRANSACTION
control field 20211209051004.0
008 - FIXED-LENGTH DATA ELEMENTS--GENERAL INFORMATION
fixed length control field 140320s1983 mouaf b 001 0 eng d
020 ## - INTERNATIONAL STANDARD BOOK NUMBER
International Standard Book Number 0836408713
035 ## - SYSTEM CONTROL NUMBER
System control number (OCoLC)ocm11130057
System control number (BD-RjUL)26298
040 ## - CATALOGING SOURCE
Original cataloging agency YHM
Transcribing agency YHM
Modifying agency OCL
-- BD-RjUL
Language of cataloging eng
041 ## - LANGUAGE CODE
Language code of text/sound track or separate title eng
082 04 - DEWEY DECIMAL CLASSIFICATION NUMBER
Classification number 954
Author mark and year ESS 1983
245 00 - TITLE STATEMENT
Title Essays on Gupta culture /
Statement of responsibility, etc. edited by Bardwell L. Smith.
260 ## - PUBLICATION, DISTRIBUTION, ETC. (IMPRINT)
Place of publication, distribution, etc. Columbia, Mo. :
Name of publisher, distributor, etc. South Asia Books,
Date of publication, distribution, etc. 1983.
300 ## - PHYSICAL DESCRIPTION
Pagination xvii, 360 p., [72] p. of plates :
Illustrations ill. ;
Size 23 cm.
504 ## - BIBLIOGRAPHY, ETC. NOTE
Bibliography, etc Includes bibliographies and indexes.
600 30 - SUBJECT ADDED ENTRY--PERSONAL NAME
Personal name Gupta dynasty.
651 #0 - SUBJECT ADDED ENTRY--GEOGRAPHIC NAME
Geographic name India
General subdivision Civilization
Chronological subdivision To 1200.
9 (RLIN) 74445
Geographic name India
General subdivision History
Chronological subdivision 324 B.C.-1000 A.D.
9 (RLIN) 80635
700 1# - ADDED ENTRY--PERSONAL NAME
Personal name Smith, Bardwell L.,
Dates associated with a name 1925-
942 ## - ADDED ENTRY ELEMENTS (KOHA)
Source of classification or shelving scheme Dewey Decimal Classification
Koha item type Books
Holdings
Lost status Source of classification or shelving scheme Damaged status Not for loan Collection code Permanent Location Current Location Shelving location Date acquired Source of acquisition Cost, normal purchase price Total Checkouts Full call number Date last seen Copy number Koha item type
  Dewey Decimal Classification   Added to bundle Non-fiction Central Library, University of Rajshahi Central Library, University of Rajshahi Reading Room 23/04/1989 Karim International. 150.00   954 ESS 1983 20/03/2014 C-1 Books